01134nam a2200301 a 4500001001100000003000800011006001900019007001500038008004100053010001700094020004100111040002100152035002000173050002900193082001900222100001600241245007500257260003600332300001500368504005100383533015200434650004600586650001400632655002900646710001700675856012500692999001500817ebr5001641CaPaEBRm u cr cn|||||||||000515s2001 mau sb 000 0aeng  z 00040397  z0807066087 (cloth : acid-free paper) aCaPaEBRcCaPaEBR a(OCoLC)7076451114aPS3554.O798bZ474 2001eb04a811/.54aB2211 aDoty, Mark.10aStill life with oysters and lemonh[electronic resource] /cMark Doty. aBoston :bBeacon Press,cc2001. a70, [1] p. aIncludes bibliographical references (p. [71]). aElectronic reproduction.bPalo Alto, Calif. :cebrary,d2013.nAvailable via World Wide Web.nAccess may be limited to ebrary affiliated libraries. 0aPoets, Americany20th centuryvBiography. 0aPainting. 7aElectronic books.2local2 aebrary, Inc.40uhttp://site.ebrary.com/lib/rucke/Doc?id=5001641zAn electronic book accessible through the World Wide Web; click to view c1258d1258